Capitali del mondo che iniziano con Port - Statistics

Statistiche generali
  • Questo quiz è stato fatto 82 volte
  • Il punteggio medio è 5 su 6
Statistiche sulle risposte
Paese % Corretto
Port au Prince
92%
Port of Spain
91%
Port Moresby
85%
Port Vila
69%
Porto Novo
68%
Port Louis
57%
Nessun quiz corrispondente trovato
Distribuzione punteggi
Percentuale di utenti per punteggio
Percentile per numero di risposta
I tuoi punteggi nel tempo
Non hai fatto questo quiz